000 00721nam a2200205Ii 4500
003 JO-AjNU
008 230605s9999||||xx |||||||||||||| ||und||
017 _a2004/3380
040 _aJO-AjNU
_bara
_erda
_cJO-AjNU
041 _aara
050 1 4 _aBP542 2004
100 3 _aآل عبد الرحمن، أبو طلحة عمر بن ابراهيم,
_eauthor
_916912
245 0 0 _aحكم الشريعة في الزواج من الشيعة
264 3 1 _aالقاهرة: دار المناهج، 2004
300 _a155ص
336 _atext
_btxt
_2rdacontent
337 _aunmediated
_bn
_2rdamedia
338 _avolume
_bnc
_2rdacarrier
650 4 _aالزواج- فقه اسلامي- الشيعة- فرقة اسلامية
_916913
999 _aA5116
_c8684
_d8684